Điều trị đau do ung thư Hướng dẫn sử dụng thuốc giảm đau

Spremljeno u:
Bibliografski detalji
Glavni autor: Tổ chức Y tế thế giới
Format: Knjiga
Jezik:Undetermined
Izdano: H. Y Học 1997
Teme:
Oznake: Dodaj oznaku
Bez oznaka, Budi prvi tko označuje ovaj zapis!
Thư viện lưu trữ: Trung tâm Học liệu Trường Đại học Cần Thơ
LEADER 00601nam a2200193Ia 4500
001 CTU_50112
008 210402s9999 xx 000 0 und d
082 |a 616.994 
082 |b T450 
100 |a Tổ chức Y tế thế giới 
245 0 |a Điều trị đau do ung thư 
245 0 |b Hướng dẫn sử dụng thuốc giảm đau 
245 0 |c Nguyễn Bá Đức và Đoàn Hữu Nghị dịch 
260 |a H. 
260 |b Y Học 
260 |c 1997 
650 |a cancer 
650 |x chemotherapy 
980 |a Trung tâm Học liệu Trường Đại học Cần Thơ